Click The NBA Top leaders of 22-23 - Statistics

General Stats
  • This quiz has been taken 5 times
  • The average score is 2 of 7
Answers on the Grid
Answers color-coded by a green-red scale on the quiz's grid according to % correct below.
Joel Embiid
Domantas Sabonis
James Harden
OG Anunoby
Jaren Jackson Jr.
Nic Claxton
Luke Kennard
Luka Dončić
Damian Lillard
Shai Gilgeous-Alexander
Giannis Antetokounmpo
Jayson Tatum
Rudy Gobert
Clint Capela
Trae Young
Chris Paul
Ja Morant
Fred VanVleet
Jimmy Butler
Brook Lopez
Walker Kessler
Myles Turner
Al Horford
Damion Lee
Malcolm Brogdon
Tyrese Maxey
Stephen Curry
Donovan Mitchell
Kyrie Irving
De'Aaron Fox
 
Answer Stats
Answer % Correct
Domantas Sabonis
67%
Jaren Jackson Jr.
33%
Joel Embiid
33%
Luke Kennard
33%
James Harden
0%
Nic Claxton
0%
OG Anunoby
0%
No matching quizzes found
Score Distribution
Percent of People with Each Score
Percentile by Number Answered
Your Score History
You have not taken this quiz